[Event "MNT-chT"]
[Site "Ulcinj"]
[Date "2014.09.25"]
[Round "6.5"]
[White "Cerovic, Vukoman"]
[Black "Saranovic, Mitar"]
[Result "0-1"]
[WhiteElo "1992"]
[BlackElo "2136"]
[PlyCount "52"]
[EventDate "2014.09.20"]
[EventType "team-tourn"]
[EventRounds "9"]
[EventCountry "MNE"]
[SourceTitle "CBM 162 Extra"]
[Source "ChessBase"]
[SourceDate "2014.10.17"]
[SourceVersion "1"]
[SourceVersionDate "2014.10.17"]
[SourceQuality "1"]
[WhiteTeam "Herceg Novi"]
[BlackTeam "Niksic"]
[WhiteTeamCountry "MNE"]
[BlackTeamCountry "MNE"]

1. e4 c5 2. f4 Nc6 3. Nf3 d6 4. d4 cxd4 5. Nxd4 Qb6 6. Nb3 Nf6 7. Nc3 e6 8. Qf3 a6 9. Be3 Qc7 10. g4 d5 11. exd5 Nb4 12. 0-0-0 Nfxd5 13. Bd2 Bd7 14. f5 Nxc3 15. bxc3 Bc6 16. Qf2 Nxa2+ 17. Kb2 Bxh1 18. fxe6 0-0-0 19. Kxa2 Bd5 20. c4 Bxc4 21. Kb2 Bxb3 22. cxb3 Bc5 23. Qxf7 Qe5+ 24. Kb1 Rhf8 25. Qd7+ Rxd7 26. exd7+ Kd8 0-1

[Event "MNT-chT1"]
[Site "Cetinje"]
[Date "2013.08.30"]
[Round "1"]
[White "Dragasevic, Srdjan"]
[Black "Saranovic, Mitar"]
[Result "1-0"]
[WhiteElo "2279"]
[BlackElo "2150"]
[PlyCount "97"]
[EventDate "2013.08.30"]
[EventType "team-tourn"]
[EventRounds "9"]
[EventCountry "MNE"]
[SourceTitle "CBM 156 Extra"]
[Source "ChessBase"]
[SourceDate "2013.10.22"]
[SourceVersion "1"]
[SourceVersionDate "2013.10.22"]
[SourceQuality "1"]

1. d4 Nf6 2. Bg5 d5 3. Bxf6 exf6 4. e3 f5 5. c4 dxc4 6. Bxc4 Bd6 7. Nf3 0-0 8. Nc3 a6 9. a4 Nd7 10. 0-0 Nf6 11. Qc2 Qe7 12. Nd5 Nxd5 13. Bxd5 g6 14. Rfe1 Kg7 15. Rac1 Rb8 16. Re2 Bd7 17. Ne1 Bxh2+ 18. Kxh2 Qd6+ 19. Kg1 Qxd5 20. Nd3 c6 21. b4 a5 22. Nf4 Qe4 23. Qxe4 fxe4 24. bxa5 Ra8 25. Rc5 Ra6 26. Rb2 Rb8 27. Rb6 Ra7 28. Ne2 Bc8 29. Nc3 Rba8 30. Nxe4 Rxa5 31. Rxa5 Rxa5 32. Nd6 Be6 33. Rb4 b5 34. axb5 cxb5 35. Nxb5 h5 36. e4 Kf6 37. Nc7 Bd7 38. Nd5+ Kg5 39. Nb6 Be8 40. g3 f5 41. d5 fxe4 42. Rxe4 Bf7 43. Rd4 Ra1+ 44. Kg2 Re1 45. Nc4 Kf6 46. f4 g5 47. Ne5 Rxe5 48. fxe5+ Kxe5 49. d6 1-0

[Event "Cetinje Batricevic Memorial op"]
[Site "Cetinje"]
[Date "2012.10.24"]
[Round "6"]
[White "Saranovic, Mitar"]
[Black "Organdziev, Oliver"]
[Result "1-0"]
[WhiteElo "2159"]
[BlackElo "2311"]
[PlyCount "87"]
[EventDate "2012.10.20"]
[EventType "swiss"]
[EventRounds "9"]
[EventCountry "MNE"]
[SourceTitle "EXT 2013"]
[Source "ChessBase"]
[SourceDate "2012.11.22"]
[SourceVersion "1"]
[SourceVersionDate "2012.11.22"]
[SourceQuality "1"]

1. e4 e5 2. Nf3 Nc6 3. Bc4 Nf6 4. Ng5 d5 5. exd5 Nd4 6. c3 b5 7. cxd4 bxc4 8. Qa4+ Bd7 9. Qxc4 h6 10. dxe5 hxg5 11. exf6 Qxf6 12. Qe4+ Kd8 13. d6 c6 14. d4 Bxd6 15. Be3 Bf5 16. Qf3 g4 17. Qe2 Qg6 18. Nc3 g3 19. 0-0-0 gxh2 20. d5 c5 21. g3 a6 22. Bf4 Kd7 23. Bxd6 Kxd6 24. f4 f6 25. Qf2 Rh3 26. Na4 Rc8 27. Nb6 Rc7 28. Nc4+ Kd7 29. d6 Rc6 30. Qe3 Qf7 31. Qb3 Qe6 32. Rhe1 Be4 33. Qb7+ Kd8 34. Rxe4 Qxe4 35. Na5 Qe3+ 36. Kb1 Rc8 37. d7 Qd3+ 38. Rxd3 h1Q+ 39. Kc2 Rh2+ 40. Kb3 c4+ 41. Ka3 Qxb7 42. Nxb7+ Kc7 43. dxc8Q+ Kxc8 44. Nd6+ 1-0

[Event "MNT-chTA"]
[Site "Cetinje"]
[Date "2012.09.21"]
[Round "4"]
[White "Saranovic, Mitar"]
[Black "Arsovic, Goran"]
[Result "0-1"]
[WhiteElo "2159"]
[BlackElo "2435"]
[PlyCount "48"]
[EventDate "2012.09.07"]
[EventType "team-tourn"]
[EventRounds "9"]
[EventCountry "MNE"]
[SourceTitle "CBM 150 Extra"]
[Source "ChessBase"]
[SourceDate "2012.10.19"]
[SourceVersion "1"]
[SourceVersionDate "2012.10.19"]
[SourceQuality "1"]

1. e4 c5 2. Nf3 d6 3. d4 cxd4 4. Nxd4 Nf6 5. Nc3 a6 6. f3 e5 7. Nb3 Be6 8. Be3 Be7 9. Qd2 h5 10. 0-0-0 Nbd7 11. g3 Qc7 12. h3 Rc8 13. Rh2 b5 14. Nd5 Bxd5 15. exd5 Nb6 16. Bxb6 Qxb6 17. Kb1 h4 18. g4 0-0 19. f4 Ne4 20. Qe1 Ng3 21. Rhd2 Rfe8 22. fxe5 Bg5 23. Rd3 Rxe5 24. Qa5 Qf2 0-1

[Event "MNT-chT"]
[Site "Cetinje"]
[Date "2010.08.29"]
[Round "3"]
[White "Saranovic, Mitar"]
[Black "Vlatkovic, Milos"]
[Result "0-1"]
[WhiteElo "2119"]
[BlackElo "2278"]
[PlyCount "58"]
[EventDate "2010.08.27"]
[EventType "team-tourn"]
[EventRounds "9"]
[EventCountry "MNE"]
[SourceTitle "CBM 138 Extra"]
[Source "ChessBase"]
[SourceDate "2010.10.29"]
[SourceVersion "1"]
[SourceVersionDate "2010.10.29"]
[SourceQuality "1"]

1. e4 e5 2. Nf3 Nf6 3. Nxe5 d6 4. Nf3 Nxe4 5. d4 d5 6. Bd3 Bd6 7. 0-0 0-0 8. c4 c6 9. h3 Nd7 10. Re1 Re8 11. Qc2 Ndf6 12. Ne5 Nc5 13. Bf5 Bxf5 14. Qxf5 Ne6 15. Be3 dxc4 16. Nd2 Bb4 17. Ndf3 Bxe1 18. Rxe1 g6 19. Qc2 Qd5 20. Nxc4 Rad8 21. Qb3 c5 22. dxc5 Nxc5 23. Qc3 Nfe4 24. Qc2 b6 25. Bd4 Ng5 26. Rxe8+ Rxe8 27. Nxg5 Re1+ 28. Kh2 Qxd4 29. g3 Qd5 0-1

[Event "MNT-chT"]
[Site "Cetinje"]
[Date "2009.10.10"]
[Round "5"]
[White "Saranovic, Mitar"]
[Black "Draskovic, Luka"]
[Result "1/2-1/2"]
[WhiteElo "2110"]
[BlackElo "2079"]
[PlyCount "93"]
[EventDate "2009.09.18"]
[EventType "team-tourn"]
[EventRounds "9"]
[EventCountry "MNE"]
[SourceTitle "EXT 2011"]
[Source "ChessBase"]
[SourceDate "2010.11.26"]
[SourceVersion "1"]
[SourceVersionDate "2010.11.26"]
[SourceQuality "1"]

1. e4 c5 2. Nf3 d6 3. d4 cxd4 4. Nxd4 Nf6 5. Nc3 Nc6 6. f3 g6 7. Be3 Bg7 8. Qd2 0-0 9. 0-0-0 d5 10. exd5 Nxd5 11. Nxc6 bxc6 12. Bd4 e5 13. Bc5 Be6 14. Ne4 Re8 15. Bc4 Qc7 16. g4 Rad8 17. Qe1 Nf4 18. Bd6 Qb7 19. Bxe6 Nxe6 20. g5 Nd4 21. Bc5 Qc7 22. Qf2 Ne6 23. h4 Rd5 24. Be3 Ra5 25. Kb1 Rb8 26. h5 Qb7 27. b3 Qa6 28. Qf1 Rxa2 29. Qxa6 Rxa6 30. hxg6 hxg6 31. Rd7 Nd4 32. Bxd4 exd4 33. Nc5 Ra5 34. Nd3 Rxg5 35. Rxa7 Rf5 36. f4 Bf8 37. Re1 c5 38. Kc1 Bd6 39. Re4 Bf8 40. Re5 Rf6 41. Kd1 Rc8 42. Ra4 Kg7 43. Rc4 Bd6 44. Re4 Rc7 45. b4 cxb4 46. Rxc7 Bxc7 47. Rxd4 1/2-1/2

[Event "MNT CupT"]
[Site "Podgorica"]
[Date "2008.04.13"]
[Round "3"]
[White "Pavlovic, Dejan S"]
[Black "Saranovic, Mitar"]
[Result "1-0"]
[WhiteElo "2277"]
[BlackElo "2089"]
[PlyCount "67"]
[EventDate "2008.03.16"]
[EventType "team-tourn"]
[EventRounds "5"]
[EventCountry "MNE"]
[SourceTitle "EXT 2009"]
[Source "ChessBase"]
[SourceDate "2008.11.26"]
[SourceVersion "1"]
[SourceVersionDate "2008.11.26"]
[SourceQuality "1"]

1. e4 c5 2. Nf3 d6 3. d4 cxd4 4. Nxd4 Nf6 5. Nc3 e6 6. Be3 a6 7. f3 b5 8. g4 h6 9. Qd2 Bb7 10. 0-0-0 Nc6 11. h4 Nd7 12. Kb1 Be7 13. Qg2 Qc7 14. g5 Nxd4 15. Bxd4 hxg5 16. hxg5 Rxh1 17. Qxh1 0-0-0 18. Qh5 g6 19. Qh7 Rf8 20. Bg7 Re8 21. Bd4 Rf8 22. a3 Qd8 23. f4 Qe8 24. Qh3 Kb8 25. Qe3 Qd8 26. a4 b4 27. Na2 Qa5 28. b3 Nc5 29. Bg2 Qb6 30. Nc1 Rc8 31. Nd3 a5 32. Bxc5 dxc5 33. Ne5 Qc7 34. Rd7 1-0